Statistiques concernant Football: Équipe par palmarès.

Cliquez ici pour prendre le quiz!

Statistiques générales

  • Ce quiz a été pris 603 fois
  • Le résultat moyen est 8 sur 8

Statistiques - réponses

PalmarèsÉquipe% Correct
Coupe du monde: 4, Coupe des confédérations: 1, Euro: 3Allemagne
98%
Championnat d'Espagne: 26, Coupe d'Espagne: 30, Supercoupe d'Espagne: 13 ,Ligue des champions: 5, Coupe du monde des clubs: 3, Supercoupe de l'UEFA: 5FC Barcelone
97%
Championnat de France: 9, Championnat de France de Division 2: 1, Coupe de France : 10, Coupe de la Ligue: 3, Ligue des champions: 1Olympique de Marseille
97%
Coupe du monde:1, Euro:3Espagne
96%
Championnat d'Angleterre: 18, Championnat d'Angleterre de D2: 4, Coupe d'Angleterre: 7, Coupe de la ligue: 8, Ligue des champions: 6, Ligue Europa: 3, Supercoupe de l'UEFA: 4, Coupe du monde des clubs: 1Liverpool FC
96%
Euro: 1, Ligue des nations de l'UEFA: 1Portugal
96%
Bundesliga: 8, DFB-Pokal: 4, Ligue des champions: 1Borussia Dortmund
95%
Coupe du monde: 2, JO: 2, Copa America: 7Uruguay
95%

Distribution des résultats

Percentile par nombre de réponses

% des personnes avec chaque résultat

Votre développement - résultats

Vous n’avez pas pris ce quiz